Església de Sant Vicenç de Rus : Castellar de N'hug (Berguedà) / text [de] Raquel Lacuesta, Albert López Mullor Castellar de N'hug (Berguedà) / text [de] Raquel Lacuesta, Albert López Mullor
Publicado:
[Barcelona] :
Diputació de Barcelona. Àrea de Cooperació. Servei del Patrimoni Arquitectònic Local ,
1999
Descripción Física:
[10] p. : il. col. ; 21 cm
Otros Autores:
López Mullor, Albert, 1952-2017
MARC
| LEADER | 00000nam a2200000Ia 4500 | ||
|---|---|---|---|
| 001 | 12814 | ||
| 008 | 160829s1999 xx 000 0 cat d | ||
| 080 | |a FU-14-48 | ||
| 100 | |a Lacuesta, Raquel, |d 1949- |9 24935 | ||
| 245 | |a Església de Sant Vicenç de Rus : |b Castellar de N'hug (Berguedà) / text [de] Raquel Lacuesta, Albert López Mullor | ||
| 260 | |a [Barcelona] : |b Diputació de Barcelona. Àrea de Cooperació. Servei del Patrimoni Arquitectònic Local, |c 1999 | ||
| 300 | |a [10] p. : |b il. col. ; |c 21 cm | ||
| 650 | |a Església de Sant Vicenç de Rus (Castellar de N'hug) |x Història |9 22574 | ||
| 650 | |a Esglésies |x Conservació i restauració |9 22575 | ||
| 700 | |a López Mullor, Albert, |d 1952-2017 |9 25071 | ||
| 710 | |a Barcelona (Catalunya : Província). |b Servei de Patrimoni Arquitectònic Local |9 19202 | ||
| 901 | |a Arxiu | ||
| 942 | |n 1 | ||
| 952 | |0 0 |1 0 |4 0 |6 FU1448 |7 1 |9 42243 |a Arxiu |b Arxiu |d 2016-12-01 |l 0 |o FU-14-48 |p 12814 |r 2016-12-01 00:00:00 |w 2016-12-01 |y ARXIU | ||
| 999 | |c 44721 |d 44721 | ||